Наноструктурированные композиты на основе многостенных углеродных нанотрубок, наполненных оксидами и гидроксидами переходных металлов: автореферат диссертации на соискание ученой степени кандидата химических наук; спец. 1.4.4

Dades bibliogràfiques
Autor principal: Качина Е. В. Екатерина Викторовна
Autor corporatiu: Российская академия наук Сибирское отделение Федеральный исследовательский центр угля и углехимии Институт углехимии и химического материаловедения
Altres autors: Захаров Ю. А. Юрий Александрович (научный руководитель)
Sumari:Защита сост. 21.04.2022 г.
Idioma:rus
Publicat: Кемерово, [Б. и.], 2022
Matèries:
Format: MixedMaterials Llibre
KOHA link:https://koha.lib.tpu.ru/cgi-bin/koha/opac-detail.pl?biblionumber=347507

MARC

LEADER 00000nam0a2200000 4500
001 347507
005 20231102010015.0
035 |a (RuTPU)RU\TPU\book\379422 
090 |a 347507 
100 |a 20220419d2022 k y0rusy50 ca 
101 0 |a rus 
102 |a RU 
105 |a a dm 001zy 
200 1 |a Наноструктурированные композиты на основе многостенных углеродных нанотрубок, наполненных оксидами и гидроксидами переходных металлов  |e автореферат диссертации на соискание ученой степени кандидата химических наук  |e спец. 1.4.4  |f Е. В. Качина  |g Российская академия наук, Сибирское отделение, Федеральный исследовательский центр угля и углехимии, Институт углехимии и химического материаловедения ; науч. рук. Ю. А. Захаров 
210 |a Кемерово  |c [Б. и.]  |d 2022 
215 |a 19 с.  |c ил. 
300 |a Защита сост. 21.04.2022 г. 
320 |a Библиогр.: с. 18-19 (16 назв.) 
452 1 |0 (RuTPU)RU\TPU\retro\24488  |t Наноструктурированные композиты на основе многостенных углеродных нанотрубок, наполненных оксидами и гидроксидами переходных металлов  |o автореферат диссертации на соискание ученой степени кандидата химических наук  |o спец. 1.4.4  |f Е. В. Качина  |g Российская академия наук, Сибирское отделение, Федеральный исследовательский центр угля и углехимии ; науч. рук. Ю. А. Захаров  |c Кемерово  |d 2022  |a Качина, Екатерина Викторовна 
606 1 |a Наноструктурные материалы  |2 stltpush  |3 (RuTPU)RU\TPU\subj\44811  |9 64091 
606 1 |a Электрохимия прикладная  |2 stltpush  |3 (RuTPU)RU\TPU\subj\21017  |9 46069 
610 1 |a авторефераты диссертаций 
610 1 |a наноструктурированные композиты 
610 1 |a углеродные нанотрубки 
610 1 |a оксиды 
610 1 |a гидроксиды 
610 1 |a переходные металлы 
610 1 |a суперконденсаторы 
610 1 |a наполнители 
610 1 |a наночастицы 
610 1 |a морфологические свойства 
610 1 |a электрохимические свойства 
610 1 |a синтез 
610 1 |a электроемкость 
610 1 |a матрицы 
610 1 |a фазовый состав 
610 1 |a термический анализ 
675 |a 620.18(04)  |v 4 
675 |a 621.35(04)  |v 4 
686 |a 02.00.04  |2 oksvnk 
700 1 |a Качина  |b Е. В.  |g Екатерина Викторовна 
702 1 |a Захаров  |b Ю. А.  |g Юрий Александрович  |4 727 
712 0 2 |a Российская академия наук  |b Сибирское отделение  |b Федеральный исследовательский центр угля и углехимии  |b Институт углехимии и химического материаловедения  |c (Кемерово)  |c (2015- )  |2 stltpush  |3 (RuTPU)RU\TPU\col\24737  |9 28452 
801 1 |a RU  |b 63413507  |c 20220419 
801 2 |a RU  |b 63413507  |c 20220603  |g RCR 
942 |c BK